Voc allemand - Enseignement - Statistiques

Statistiques générales
  • Ce quiz a été pris 19 fois
    15 depuis la dernière actualisation
  • Le résultat moyen est 17 sur 46
Statistiques - réponses
Hint Réponse % Correct
Die Schule, -n L'école
100%
Der Kurs, -e Le cours
90%
Die Stunde, -n Le cours
90%
Die Ferien Les vacances
90%
Das Gymnasium, -en Le lycée
80%
Der Kursleiter / Der Lehrer Le professeur
80%
Korrigieren Corriger
70%
Das Schuljahr, -e L'année scolaire
70%
Die Matura / Das Abitur Le bac /le baccalauréat
70%
Die Realschule Le collège
60%
Fremdsprachen Les langues étrangères
60%
Das Fehler La faute
50%
Das Fach, ¨-er La matière
50%
Die Zensur, -en / Die Note, -n La note
50%
Das Heft, -e Le cahier
50%
Die Aufgabe, -n Le devoir
50%
Der Schüler L'élève
50%
Das Studium, -en Les études
50%
Die Tafel, -n Le tableau
50%
Die Prüfung, -en L'examen
50%
Die Übung, -en L'exercice
50%
Die Wissenschaft, -en La science
40%
Die Erziehung L'éducation
40%
Unterrichten Enseigner
30%
Bestehen Être reçu / passer un examen
30%
Prüfen Faire passer un examen
30%
Die Weiterbildung La formation continue
30%
Erdkunde La géographie
30%
Der Fortschritt, -e Le progrès
30%
Sitzenbleiben Redoubler
30%
Erziehen Éduquer
20%
Die Hochschule, -n L'école supérieure
20%
Durchfallen Échouer
10%
Die Forschung, -en La recherche
10%
Der Unterricht L'enseignement
10%
Erfinden Inventer
0%
Die Grundlage, -n La base / le fondement
0%
Die Bildung La culture
0%
Der Aufsatz, ¨-e La rédaction
0%
Das Zeugnis, -se Le bulletin scolaire
0%
Die Erwachsenenbildung Les cours pour adultes
0%
(Sich) melden Lever la main
0%
Der Versuch, -e L'expérience
0%
Sozialkunde L'instruction civique / l'éducation civique
0%
Die Volkshochschule, -n L'université populaire
0%
Versetz werden Passer dans la classe supérieure
0%
Aucun quiz correspondant
Distribution des résultats
% des personnes avec chaque résultat
Percentile par nombre de réponses
Votre historique - résultats
Vous n’avez pas pris ce quiz depuis la dernière actualisation